000 00572nam a2200229Ia 4500
003 OSt
005 20221005123509.0
006 a|||||r|||| 00| 0
007 ta
008 221004b |||||||| |||| 00| 0 eng d
024 _a60084
037 _cTextual
040 _aCRL
_cCRL
_beng
041 _2eng
_aeng
082 _aV2:4wM03, D3
100 _aTrotter Lionel J
_9633749
245 0 _aLife of General Sir James Outram
260 _c1903
650 _aHISTORY
942 _hV2:4wM03, D3
_cTEXL
_2cc
999 _c1047598
_d1047598